Fuentes, método y sistema en la Escuela Histórica del Derecho. Georg Friedrich Puchta (1798-1846).
Na minha lista:
| Autor principal: | |
|---|---|
| Formato: | Livro |
| Publicado em: |
Granada, España:
Comares,
2019.
|
| Colecção: | Colección Derecho Romano y Ciencia jurídica Europea. Sección Nexum,
13. |
| Assuntos: | |
| Tags: |
Adicionar Tag
Sem tags, seja o primeiro a adicionar uma tag!
|
MARC
| LEADER | 00000nam a22000007a 4500 | ||
|---|---|---|---|
| 003 | CL-VaPUC | ||
| 005 | 20220822114527.0 | ||
| 008 | 220629b2019 ||||| |||| 00| 0 eng d | ||
| 999 | |c 436463 |d 436461 | ||
| 020 | |a 978-84-9045-699-6 | ||
| 040 | |c Pontificia Universidad Católica de Valparaíso | ||
| 082 | 7 | |a 340.092 GAR 2019 |2 22 | |
| 100 | 1 | |a Garrido Martín, Joaquín |e autor |9 871650 | |
| 245 | |a Fuentes, método y sistema en la Escuela Histórica del Derecho. |b Georg Friedrich Puchta (1798-1846). | ||
| 260 | |a Granada, España: |b Comares, |c 2019. | ||
| 300 | |a 404 páginas. | ||
| 490 | |a Colección Derecho Romano y Ciencia jurídica Europea. Sección Nexum, |v 13. | ||
| 500 | |a c.1 Donación Familia Prof. Alejandro Guzmán Brito. | ||
| 583 | |c 20220629 |k Catalogador Asistente | ||
| 600 | |a Puchta, Georg Friedrich |9 871805 | ||
| 650 | |a Derecho |z Alemania |x Historiografía |9 871806 | ||
| 650 | |a Derecho romano |x Teorías |9 871807 | ||
| 942 | |2 ddc |c BK |n 0 | ||
| 952 | |0 0 |1 0 |2 ddc |4 0 |6 340_092000000000000_GAR_2019 |7 1 |8 C_AGB |9 584123 |a BIBDER |b BIBDER |d 2022-06-29 |e Donación |i 5652282 |o 340.092 GAR 2019 |p 5652282 |r 2023-01-25 |t 1 |w 2022-06-29 |y BK_US |k AGB | ||